ՄԱՅՐ ԱԹՈՌ ՍՈՒՐԲ ԷՋՄԻԱԾԻՆ

«ՎԱՉԵ ԵՎ ԹԱՄԱՐ ՄԱՆՈՒԿՅԱՆ» ՄԱՏԵՆԱԴԱՐԱՆ

Early history of the alphabet: (Record no. 68193)

MARC details
000 -LEADER
fixed length control field 01761cam a2200265 a 4500
003 - CONTROL NUMBER IDENTIFIER
control field SEM
005 - DATE AND TIME OF LATEST TRANSACTION
control field 20220608074102.0
008 - FIXED-LENGTH DATA ELEMENTS--GENERAL INFORMATION
fixed length control field 830111s1982 is af b 001 0 eng
020 ## - INTERNATIONAL STANDARD BOOK NUMBER
International Standard Book Number 9652234362
040 ## - CATALOGING SOURCE
Original cataloging agency SEM
Transcribing agency SEM
041 0# - LANGUAGE CODE
Language code of text/sound track or separate title eng.
080 ## - UNIVERSAL DECIMAL CLASSIFICATION NUMBER
Universal Decimal Classification number 930.271/N-31
100 1# - MAIN ENTRY--PERSONAL NAME
Personal name Naveh Joseph
245 10 - TITLE STATEMENT
Title Early history of the alphabet:
Remainder of title an introduction to West Semitic epigraphy and palaeography. /
Statement of responsibility, etc. J. Naveh
250 ## - EDITION STATEMENT
Edition statement Reprinted
260 ## - PUBLICATION, DISTRIBUTION, ETC.
Place of publication, distribution, etc. Jerusalem:
Name of publisher, distributor, etc. Magnes Press,
Date of publication, distribution, etc. 1997.
300 ## - PHYSICAL DESCRIPTION
Extent IX+222 p.;
Other physical details ill., 24 plates;
Dimensions 23 cm
500 ## - GENERAL NOTE
General note [Inscriptions and manuscripts. Epigraphy and palaeography. The development of scripts and script styles. Semitic languages and scripts. The rise of the Semitic script Background - Sumerian cuneiform writing. Egyptian hieroglyphic scripts. The Hittite "hieroglyphic" scripts. The Cretan scripts. Undeciphered scripts in Syria-Palestine. The beginnings of the Alphabet. The South Semitic scripts. The West Semitic Scripts - The Phoenician script. The Hebrew script. The Aramaic script. Comparative aspects of the Phoenician, Hebrew and Aramaic scripts. The scripts of Israel's neighbours. The change from Hebrew to Jewish script. The development of Later Aramaic offshoots Aramaic writing in the Iranian world. The Aramaic scripts in the East - The South Mesopotamian branch. The North Mesopotamian branch. The Palmyrene-Syriac branch. The Nabatean script and the rise of Arabic script. The Jewish script. The antiquity of the Greek Alphabet]
504 ## - BIBLIOGRAPHY, ETC. NOTE
Bibliography, etc. note Abbrev. - p.: 187; Ill. - p.: 189-202; Index - p.: 203-211.
650 #0 - SUBJECT ADDED ENTRY--TOPICAL TERM
Topical term or geographic name entry element Alphabet
General subdivision History
650 #0 - SUBJECT ADDED ENTRY--TOPICAL TERM
Topical term or geographic name entry element Semitic languages
General subdivision Alphabet
-- Scripts
650 #0 - SUBJECT ADDED ENTRY--TOPICAL TERM
Topical term or geographic name entry element Semitic inscriptions
650 #0 - SUBJECT ADDED ENTRY--TOPICAL TERM
Topical term or geographic name entry element Paleography
General subdivision Semitic languages
942 ## - ADDED ENTRY ELEMENTS (KOHA)
Source of classification or shelving scheme Universal Decimal Classification
Koha item type Գրքեր/Books
Holdings
Withdrawn status Lost status Source of classification or shelving scheme Damaged status Not for loan Collection code Home library Current library Date acquired Cost, normal purchase price Inventory number Total Checkouts Full call number Barcode Date last seen Price effective from Koha item type Public note
    Universal Decimal Classification     Գրապահոց Մայր Աթոռ Սուրբ Էջմիածին «Վաչե և Թամար Մանուկյան» Մատենադարան Մայր Աթոռ Սուրբ Էջմիածին «Վաչե և Թամար Մանուկյան» Մատենադարան 23/07/2018 5000.00 E-6581   930.271/N-31 E-6581 23/07/2018 23/07/2018 Գրքեր/Books Սպասարկվում է ընթերցասրահ